书目信息 |
| 题名: |
新媒体艺术设计
|
|
| 作者: | 刘立伟 主编 | |
| 分册: | ||
| 出版信息: | 北京 化学工业出版社 2014.01 |
|
| 页数: | 179页 | |
| 开本: | 24cm | |
| 丛书名: | ||
| 单 册: | ||
| 中图分类: | J06-39 | |
| 科图分类: | ||
| 主题词: | 多媒体技术--应用--艺术--设计--研究 | |
| 电子资源: | ||
| ISBN: | 978-7-122-19398-8 | |
| 000 | 01103nam0 2200289 450 | |
| 001 | 0100140727 | |
| 005 | 20141020221544.0 | |
| 010 | @a978-7-122-19398-8@dCNY39.00 | |
| 100 | @a20140417d2014 em y0chiy50 ea | |
| 101 | 0 | @achi |
| 101 | 11 | @achi |
| 102 | @aCN@b110000 | |
| 105 | @aa z 000yy | |
| 106 | @ar | |
| 200 | 1 | @a新媒体艺术设计@Axin mei ti yi shu she ji@b专著@dNew media art & design@e细节·理念·创新@f刘立伟主编@Fliu li wei zhu bian@zeng |
| 210 | @a北京@c化学工业出版社@d2014.01 | |
| 215 | @a179页@c图,照片@d24cm | |
| 330 | @a本书从艺术与设计的视角看待新媒体相关的各个细节。书中首先概括介绍了新媒体与艺术设计的相关概念和在中国的发展情况,之后介绍了新媒体设计语言、数字媒体设计、网络媒体设计、移动媒体设计、新媒体广告设计、新媒体品牌设计,最后介绍了新媒体艺术的定义、类别、特征等内容。 | |
| 510 | 1 | @aNew media art & design |
| 517 | 1 | @a细节·理念·创新 |
| 540 | @a新媒体艺术设计 | |
| 606 | 0 | @a多媒体技术@x应用@x艺术@x设计@x研究 |
| 690 | @aJ06-39@v5 | |
| 701 | 0 | @a刘立伟@Aliu li wei@4主编 |
| 801 | @aCN | |
| 901 | @a001 | |
| 905 | @b1103956-8@dJ06-39@eL647@f3@a241430 | |
| 新媒体艺术设计=New media art & design:细节·理念·创新/刘立伟主编.-北京:化学工业出版社,2014.01 |
| 179页:图,照片;24cm |
| ISBN 978-7-122-19398-8:CNY39.00 |
| 本书从艺术与设计的视角看待新媒体相关的各个细节。书中首先概括介绍了新媒体与艺术设计的相关概念和在中国的发展情况,之后介绍了新媒体设计语言、数字媒体设计、网络媒体设计、移动媒体设计、新媒体广告设计、新媒体品牌设计,最后介绍了新媒体艺术的定义、类别、特征等内容。 |
| ● |
| 相关链接 |
|
|
|
正题名:新媒体艺术设计
索取号:J06-39/L647
 
预约/预借
| 序号 | 登录号 | 条形码 | 馆藏地/架位号 | 状态 | 备注 |
| 1 | 1103956 | 211039561 | 社科库309/309社科库 63排2列6层/ [索取号:J06-39/L647] | 在馆 | |
| 2 | 1103957 | 211039570 | 社科二线400B/400B社科库 2排1列1层/ [索取号:J06-39/L647] | 在馆 | |
| 3 | 1103958 | 211039589 | 社科库309/309社科库 63排2列6层/ [索取号:J06-39/L647] | 在馆 |